Morgan Wallen - Chasin' You Lyrics - Statistics

General Stats
  • This quiz has been taken 1,534 times
  • The average score is 214 of 324
Answer Stats
Answer % Correct
a
96%
you
95%
of
93%
i
89%
chasing
88%
like
88%
to
88%
down
87%
shot
87%
whiskey
87%
going
85%
burning
83%
that
82%
we
79%
in
76%
used
76%
goodbye
71%
the
71%
on
69%
kids
68%
chase
67%
couple
67%
taillights
67%
town
67%
Town
67%
Fe
65%
now
65%
still
65%
those
62%
Chevrolet
61%
i'm
61%
feeling
60%
LA
60%
me
60%
and
59%
track
59%
Chattanooga
58%
freedom
58%
anywhere
57%
gone
57%
out
57%
soon
57%
your
57%
this
56%
too
56%
got
55%
rear
52%
view
52%
my
51%
was
51%
nowhere
50%
paper
50%
see
50%
shirt
49%
then
49%
little
48%
new
48%
only
48%
west
48%
hang
47%
what
47%
catch
46%
doing
46%
from
46%
sipping
46%
when
46%
jumping
45%
sack
45%
someone
45%
know
44%
maple
44%
something
44%
about
43%
as
43%
cross
43%
laying
43%
far
42%
here
42%
river
42%
holding
41%
air
40%
freight
39%
guess
39%
Guitar
39%
long
39%
Santa
39%
talk
39%
very
38%
wasn't
38%
girl
37%
tracks
37%
bend
35%
heard
35%
always
34%
tonight
34%
headed
32%
moon
31%
singing
31%
radio
30%
slipping
29%
limb
28%
up
28%
just
27%
through
27%
given
25%
tried
25%
haven't
24%
hell
23%
well
17%
should
9%
No matching quizzes found
Score Distribution
Percent of People with Each Score
Percentile by Number Answered
Your Score History
You have not taken this quiz